Основы общей химии: Монография в 2-х томах
| Príomhchruthaitheoir: | |
|---|---|
| Teanga: | Rúisis |
| Foilsithe / Cruthaithe: |
Москва, Химия, 1973-
|
| Eagrán: | 3-е изд., испр. и доп. |
| Formáid: | LEABHAR |
| KOHA link: | https://koha.lib.tpu.ru/cgi-bin/koha/opac-detail.pl?biblionumber=44793 |
MARC
| LEADER | 00000nam1a2200000 4500 | ||
|---|---|---|---|
| 001 | 44793 | ||
| 005 | 20231031022813.0 | ||
| 035 | |a (RuTPU)RU\TPU\book\46529 | ||
| 090 | |a 44793 | ||
| 100 | |a 20021126d1973 m y0rusy50 ca | ||
| 101 | 0 | |a rus | |
| 102 | |a RU | ||
| 200 | 1 | |a Основы общей химии |e Монография в 2-х томах |f Б. В. Некрасов | |
| 205 | |a 3-е изд., испр. и доп. | ||
| 210 | |a Москва |c Химия |d 1973- | ||
| 700 | 1 | |a Некрасов |b Б. В. |g Борис Владимирович | |
| 801 | 1 | |a RU |b 63413507 |c 20021126 |g PSBO | |
| 801 | 2 | |a RU |b 63413507 |c 20140902 |g PSBO | |
| 942 | |c BK | ||